000 00979nam a2200277 a 4500
001 59490
003 BD-RjUL
005 20211209080734.0
008 161226s1994 pk b 001 0 eng c
020 _a0195775074
035 _a(BD-RjUL)59614
035 _a(OCoLC)32541750
040 _aUk
_cUk
_dOO
_dDLC
_beng
041 _aeng
082 0 4 _a320.95492
_223
_bCHC 1994
100 1 _aChoudhury, Dilara.
_9176941
245 1 0 _aConstitutional development in Bangladesh :
_bstresses and strains /
_cDilara Choudhury.
260 _aKarachi ;
_aNew York :
_bOxford University Press,
_c1994.
300 _ax, 240 p. ;
_c23 cm.
504 _aIncludes bibliographical references (p. [227]-230) and index.
650 0 _aConstitutional history
_zBangladesh.
_9176942
651 0 _aBangladesh
_xPolitics and government
_y1971-
_9171822
856 4 2 _3Publisher description
_uhttp://www.loc.gov/catdir/enhancements/fy0635/98102391-d.html
942 _2ddc
_cBK
999 _c59490
_d59490